[Event "Pfalz-ch HT1 86th"]
[Site "Wolfstein"]
[Date "2017.04.09"]
[Round "4"]
[White "Gass, Udo"]
[Black "Metzler, Janett"]
[Result "1-0"]
[WhiteElo "1523"]
[BlackElo "1071"]
[PlyCount "55"]
[EventDate "2017.04.07"]
[EventType "swiss"]
[EventRounds "7"]
[EventCountry "GER"]
[SourceTitle "EXT 2018"]
[Source "ChessBase"]
[SourceDate "2017.10.13"]
[SourceVersion "1"]
[SourceVersionDate "2017.10.13"]
[SourceQuality "1"]

1. e4 e5 2. Nf3 Nc6 3. Bb5 Qf6 4. 0-0 a6 5. Ba4 Nge7 6. Re1 d6 7. h3 b5 8. Bb3 Ng6 9. c3 Nf4 10. d4 Qg6 11. Bxf4 Bxh3 12. Nh4 Qf6 13. Bg3 Bd7 14. Nf3 0-0-0 15. a4 b4 16. Qd3 Nb8 17. Bc4 d5 18. exd5 Bf5 19. Qe3 e4 20. Ne5 Bd6 21. Nc6 Bxg3 22. Nxd8 Bd6 23. Nc6 Qh4 24. g3 Qg4 25. Nd2 Bf4 26. Qxf4 Qxf4 27. gxf4 h5 28. Ne7+ 1-0